| 000 | 01295nam a22003257i 4500 | ||
|---|---|---|---|
| 003 | EG-GICUC | ||
| 005 | 20260121101419.0 | ||
| 008 | 251202r19971996ua ||||fr|||| 00| 0 ara d | ||
| 017 | _a1996/13517 | ||
| 020 | _a9771922165 | ||
| 040 |
_a EG-GICUC _bara _c EG-GICUC _d EG-GICUC _erda |
||
| 041 | 0 | _aara | |
| 082 | 0 | 4 |
_221 _a343.3 _bم ح . ش |
| 092 | 0 | 4 | _221 |
| 099 | _aLaw1 10 343.3 م ح . ش 2 ed - 1997 | ||
| 100 | 0 |
_aمحمد عيد الغريب _eمؤلف. |
|
| 245 | 1 | 0 |
_aشرح قانون الاجراءات الجنائية. _nالجزء الأول، _p(الدعوى الجنائية، الدعوى المدنية التبعية . الاستدلال والتحقيق الابتدائي) / _cالدكتور محمد عيد الغريب. |
| 250 | _aالطبعة الثانية | ||
| 264 | 1 |
_aالقاهرة : _b{دون دار نشر}، _c1997. |
|
| 300 |
_a1014 صفحة ؛ _c24 سم. |
||
| 336 |
_2rda content _atext |
||
| 337 |
_2rda media _aComputer |
||
| 338 |
_2rda carrier _aOnline Resource |
||
| 546 | _aالنص باللغة العربية | ||
| 650 | 1 | 4 | _a قانون الإجراءات الجنائية |
| 650 | 1 | 4 | _aالقانون الجنائي |
| 856 | 4 | 0 | _uhttps://fll.law.cu.edu.eg/fulltext/bks/B10-05784.pdf |
| 905 |
_a77 _eHassnaa |
||
| 942 |
_2ddc _cBK _e21 _n0 |
||
| 999 |
_c48077 _d48077 |
||